All Governors of New Jersey - Statistics

General Stats
  • This quiz has been taken 13 times
  • The average score is 21 of 81
Answer Stats
Years Served Party Answer % Correct
1902 - 1905 Republican Franklin Murphy
100%
2018 - 2026 Democrat Phil Murphy
100%
2010 - 2018 Republican Chris Christie
91%
2026 - Present Democrat Mikie Sherrill
91%
1994 - 2001 Republican Christine Todd Whitman
73%
2006 - 2010 Democrat Jon Corzine
73%
1982 - 1990 Republican Thomas Kean
73%
1974 - 1982 Democrat Brendan Byrne
64%
1941 - 1944 Democrat Charles Edison
64%
1990 - 1994 Democrat James Florio
64%
2002 - 2004 Democrat Jim McGreevey
64%
2002 Democrat Richard Codey
64%
2004 - 2006 Democrat Richard Codey
64%
1962 - 1970 Democrat Richard J. Hughes
64%
1917 - 1919 Republican Walter Evans Edge
64%
1944 - 1947 Republican Walter Evans Edge
64%
1911 - 1913 Democrat Woodrow Wilson
64%
2001 - 2002 Republican Donald DiFrancesco
55%
1954 - 1962 Democrat Robert B. Meyner
55%
1970 - 1974 Republican William T. Cahill
55%
1926 - 1929 Democrat A. Harry Moore
45%
1932 - 1935 Democrat A. Harry Moore
45%
1938 - 1941 Democrat A. Harry Moore
45%
1947 - 1954 Republican Alfred E. Driscoll
45%
1878 - 1881 Democrat George B. McClellan
45%
1776 - 1790 Federalist William Livingston
45%
1790 - 1793 Federalist William Paterson
45%
1923 - 1926 Democrat George Sebastian Silzer
36%
1829 Democrat Garret D. Wall
27%
2002 Republican John O. Bennett
18%
1845 - 1848 Whig Charles C. Stratton
9%
1860 - 1863 Republican Charles Smith Olden
9%
1920 - 1923 Democrat Edward I. Edwards
9%
1833 Whig Elias P. Seeley
9%
1898 Republican Foster McGowan Voorhees
9%
1899 - 1902 Republican Foster McGowan Voorhees
9%
1851 - 1854 Democrat George Franklin Fort
9%
1935 Republican Horace Griggs Prall
9%
1817 - 1829 Democratic Republican Isaac Halstead Williamson
9%
1863 - 1866 Democrat Joel Parker
9%
1872 - 1875 Democrat Joel Parker
9%
2002 Republican John Farmer Jr.
9%
1908 - 1911 Republican John Franklin Fort
9%
1802 - 1803 Democratic Republican John Lambert
9%
1896 - 1898 Republican John W. Griggs
9%
1801 - 1802 Democratic Republican Joseph Bloomfield
9%
1803 - 1812 Democratic Republican Joseph Bloomfield
9%
1875 - 1878 Democrat Joseph D. Bedle
9%
1884 - 1887 Democrat Leon Abbett
9%
1890 - 1893 Democrat Leon Abbett
9%
1815 - 1817 Democratic Republican Mahlon Dickerson
9%
1866 - 1869 Republican Marcus Lawrence Ward
9%
1929 - 1932 Republican Morgan Foster Larson
9%
1836 - 1837 Democrat Philemon Dickerson
9%
1793 - 1801 Federalist Richard Howell
9%
1793 Federalist Thomas Henderson
9%
1857 - 1860 Republican William A. Newell
9%
1837 - 1843 Whig William Pennington
9%
1813 - 1815 Democratic Republican William Sanford Pennington
9%
1812 - 1813 Federalist Aaron Ogden
0%
1920 Republican Clarence E. Case
0%
1935 Republican Clifford Ross Powell
0%
1843 - 1845 Democrat Daniel Haines
0%
1848 - 1851 Democrat Daniel Haines
0%
1898 - 1899 Republican David Ogden Watkins
0%
1905 - 1908 Republican Edward C. Stokes
0%
1790 Federalist Elisha Lawrence
0%
1881 - 1884 Democrat George C. Ludlow
0%
1893 - 1896 Democrat George Theodore Werts
0%
1935 - 1938 Republican Harold G. Hoffman
0%
1913 Democrat James Fairman Fielder
0%
1914 - 1917 Democrat James Fairman Fielder
0%
1913 - 1914 Democrat Leon Rutherford Taylor
0%
1829 - 1832 Demcrat Peter Dumont Vroom
0%
1833 - 1836 Democrat Peter Dumont Vroom
0%
1887 - 1890 Democrat Robert Stockton Green
0%
1854 - 1857 Democrat Rodman M. Price
0%
1832 - 1833 Whig Samuel L. Southard
0%
1869 - 1872 Democrat Theodore Fitz Randolph
0%
1815 Democratic Republican William Kennedy
0%
1919 - 1920 Republican William Nelson Runyon
0%
No matching quizzes found
Score Distribution
Percent of People with Each Score
Percentile by Number Answered
Your Score History
You have not taken this quiz